000 01405nam a2200421 i 4500
001 44324
003 KOSZ 005
005 20220627080214.0
008 980727s1998 pl a f f |001 0 pol
015 _aPB 1998/9404
020 _a8301125233
040 _aWA N
_cWA N
_dKOSZ 005/HR
046 _k1998
080 _a658.14/.17
080 _a(07)
100 1 _aCzekaj, Jan
_d(1950- )
_eAutor
245 1 0 _aZarządzanie finansami przedsiębiorstw :
_bpodstawy teorii /
_cJan Czekaj, Zbigniew Dresler.
250 _aWyd. 1, dodr.2.
260 _aWarszawa :
_bWydaw. Naukowe PWN,
_c1999.
300 _a274, [2] s. :
_bwykr. ;
_c24 cm.
336 _2rdacontent
_aTekst
_btxt
337 _2rdamedia
_aBez urządzenia pośredniczącego
_bn
338 _2rdacarrier
_aWolumin
_bnc
380 _aKsiążki
380 _aPublikacje dydaktyczne
385 _mPoziom nauczania
_aSzkoły wyższe
388 _a1901-2000
388 _a1989-2000
504 _aBibliogr. s. 272. - Indeks.
658 _aGospodarka, ekonomia, finanse
650 4 _aFinanse przedsiębiorstwa
655 4 _aPodręcznik
710 2 _aWydawnictwo Naukowe PWN
_4pbl.
700 1 _aDresler, Zbigniew
_eAutor
856 _uhttp://koha.tu.koszalin.pl/cgi-bin/koha/opac-detail.pl?biblionumber=44324
_yKatalog online BPK
856 _uhttp://libra.ibuk.pl/book/1909
_yIBUK
942 _2UKD
_cKS
999 _c44324
_d44324